000 00688nam a2200241 a 4500
999 _c9570
_d9570
001 9570
003 BD - JhCC
005 20180529135643.0
008 180319s1995 ii a 000 0 en sd
020 _a8181310983
035 _a61-04450
_a(BD - Jhcc)9570
035 _a(OCoLC)2064095
040 _aDLC
_cFHM
_dBD-JhCC
041 _aeng
082 _a030
_bBRI 2006
245 1 0 _aBritannica :
_bReady Reference Encyclopedia /
_cEncyclopedia Britannica
260 _aNew Delhi :
_bEncyclopedia Britannica ( India) Pvt. Ltd,
_c2006.
300 _avarious p., v1-9 :
_bills;
_c25 cm
650 0 _aEncyclopedia
710 _aEncyclopedia Britannica
942 _2ddc
_cREF